[Event "35th World Open"]
[Site "King of Prussia USA"]
[Date "2007.06.04"]
[Round "8"]
[White "Becerra Rivero,J"]
[Black "Ehlvest,J"]
[Result "1-0"]
[WhiteElo "2544"]
[BlackElo "2640"]

1.e4 c5 2.Nc3 e6 3.Nf3 a6 4.d4 cxd4 5.Nxd4 d6 6.Be3 Nf6 7.f3 b5 8.g4 h6 9.Qd2 Nbd7
10.O-O-O Bb7 11.h4 b4 12.Na4 Qa5 13.b3 Nc5 14.a3 Nxa4 15.axb4 Qc7 16.bxa4 Nd7
17.Kb2 Be7 18.Qc3 Qxc3+ 19.Kxc3 d5 20.exd5 Bxd5 21.Rb1 O-O 22.g5 h5 23.Kd2 Ne5
24.Be2 Rfd8 25.Ke1 a5 26.b5 Rac8 27.Kf2 Kf8 28.Rhd1 Nc4 29.Bxc4 Rxc4 30.Ra1 Rdc8
31.f4 Bb4 32.Rab1 Bc5 33.b6 Bb4 34.Rb2 Be4 35.Kf1 Ke7 36.Bf2 Bb7 37.Rb3 g6
38.Kg1 Rc3 39.Be1 Rxb3 40.Nxb3 Bxe1 41.Rxe1 Rxc2 42.Nxa5 Bd5 43.Rb1  1-0

[Event "National Open"]
[Site "Las Vegas USA"]
[Date "2007.06.08"]
[Round "1"]
[White "Becerra Rivero,J"]
[Black "Weinberger,T"]
[Result "1-0"]
[WhiteElo "2544"]
[BlackElo "2184"]

1.e4 c6 2.d4 d5 3.Nc3 dxe4 4.Nxe4 Bf5 5.Ng3 Bg6 6.f4 e6 7.Nf3 Nd7 8.Bd3 Bd6
9.O-O Ne7 10.c4 O-O 11.Kh1 Bxd3 12.Qxd3 Ng6 13.f5 Nf4 14.Qb3 Qb6 15.Qc2 Qd8
16.Bd2 exf5 17.Nxf5 Bc7 18.Rae1 Ng6 19.Qb3 Rb8 20.Ng5 Nf6 21.Qh3 Re8 22.Rxe8+ Qxe8
23.Qf3 Qd8 24.g3 b5 25.Qxc6 Rb6 26.Qg2 bxc4 27.Ba5 Rb8 28.Bxc7 Qxc7 29.Ne4 Nxe4
30.Qxe4 Qb7 31.d5 Qxb2 32.d6 Qb7 33.Qxb7 Rxb7 34.Rc1 Ne5 35.Ne3 Kf8 36.Nxc4 Nxc4
37.Rxc4 Ke8 38.Ra4 Kd7 39.Ra6 Ke6 40.h4 Rd7 41.Kg2 h5 42.Kf3 Ke5 43.Ra5+ Ke6
44.Rxh5 Rxd6 45.Ra5 a6 46.g4 g6 47.Ke4 Rb6 48.a3 Rc6 49.Ra4 Rd6 50.Rc4 Rb6
51.Rc5 f6 52.h5 gxh5 53.gxh5 Kf7 54.Rc7+ Kg8 55.Kf5 Rb3 56.a4 Rb6 57.a5 Rb5+
58.Kg6 Rg5+ 59.Kxf6 Rxa5 60.Kg6 Kf8 61.h6 Ra1 62.Rc8+  1-0

[Event "National Open"]
[Site "Las Vegas USA"]
[Date "2007.06.09"]
[Round "3"]
[White "Becerra Rivero,J"]
[Black "Stein,Alan"]
[Result "1-0"]
[WhiteElo "2544"]
[BlackElo "2412"]

1.e4 c6 2.d4 d5 3.Nc3 dxe4 4.Nxe4 Nd7 5.Ng5 Ngf6 6.Bd3 h6 7.Ne6 Qb6 8.Nxf8 Nxf8
9.c3 Bg4 10.Ne2 Bh5 11.O-O Bg6 12.Bc4 e6 13.Nf4 Bf5 14.a4 N8d7 15.a5 Qc7
16.a6 b5 17.Bd3 O-O 18.Bxf5 exf5 19.Qd3 g6 20.Qg3 Rfe8 21.f3 Rac8 22.Rd1 h5
23.Qf2 Nd5 24.Nd3 Re6 25.Bd2 c5 26.dxc5 Nxc5 27.Nxc5 Qxc5 28.Qxc5 Rxc5 29.Be1 Ne3
30.Rd8+ Kg7 31.Bf2 Rcc6 32.g3 f4 33.gxf4 Nf5 34.Rb8 Re2 35.Rxb5 Rd6 36.Rxf5 gxf5
37.Bxa7 Rg6+ 38.Kh1 Rge6 39.Bd4+ Kh7 40.a7 Re1+ 41.Rxe1 Rxe1+ 42.Kg2  1-0

[Event "National Open"]
[Site "Las Vegas USA"]
[Date "2007.06.09"]
[Round "4"]
[White "Gurevich,D"]
[Black "Becerra Rivero,J"]
[Result "1/2-1/2"]
[WhiteElo "2518"]
[BlackElo "2544"]

1.d4 Nf6 2.c4 g6 3.Nc3 Bg7 4.e4 d6 5.Nf3 O-O 6.Be2 e5 7.O-O Nc6 8.d5 Ne7
9.Ne1 Nd7 10.Be3 f5 11.f3 f4 12.Bf2 g5 13.Rc1 Ng6 14.c5 Nxc5 15.b4 Na6 16.Nb5 Bd7
17.Nxa7 Rf7 18.Bxa6 bxa6 19.Qc2 Be8 20.Qe2 h5 21.Qxa6 g4 22.Nc6 Bxc6 23.Qxc6 Rxa2
24.Rc2 Ra3 25.b5 Bf8 26.b6 g3 27.Bc5 Rb3 28.Qa4 Rb1 29.Qa2 Rb5 30.Qa6 Rb1  1/2-1/2

[Event "35th World Open"]
[Site "King of Prussia USA"]
[Date "2007.06.30"]
[Round "2"]
[White "Stein,Alan"]
[Black "Becerra Rivero,J"]
[Result "0-1"]
[WhiteElo "2412"]
[BlackElo "2544"]

1.e4 e5 2.Nf3 Nc6 3.Bb5 a6 4.Ba4 Nf6 5.O-O Nxe4 6.d4 b5 7.Bb3 d5 8.dxe5 Be6
9.Nbd2 Nc5 10.c3 d4 11.Bxe6 Nxe6 12.cxd4 Ncxd4 13.Nb3 Nxb3 14.Qxb3 Nc5 15.Qe3 Qd5
16.b3 Ne6 17.Bb2 Bc5 18.Qe2 O-O-O 19.Rfd1 Qb7 20.Qc2 g6 21.Ng5 Nxg5 22.Qxc5 Ne6
23.Qe3 Rxd1+ 24.Rxd1 Rd8 25.Re1 Qd5 26.h3 Kb8 27.Bc3 h5 28.Ba5 Rd7 29.Re2 Qd1+
30.Re1 Qd3 31.Qc1 Kb7 32.Kh2 c5 33.Bc3 b4 34.Re3 Qd1 35.Qxd1 Rxd1 36.Be1 Kc6  0-1

[Event "Open"]
[Site "Miami USA"]
[Date "2007.09.27"]
[Round "2"]
[White "Adu,O"]
[Black "Becerra Rivero,J"]
[Result "0-1"]
[WhiteElo "2294"]
[BlackElo "2559"]

1.Nf3 Nf6 2.g3 g6 3.Bg2 Bg7 4.O-O O-O 5.d3 c5 6.e4 Nc6 7.Re1 d6 8.c3 e5 9.a3 h6
10.b4 a6 11.Bb2 Re8 12.Nbd2 Be6 13.d4 exd4 14.cxd4 Nd7 15.Rb1 cxd4 16.Nb3 Bxb3
17.Qxb3 Qb6 18.Nd2 Nde5 19.h3 d3 20.Nc4 Nxc4 21.Qxc4 Bxb2 22.Rxb2 Ne5 23.Qb3 Rac8
24.Rd2 Qd4 25.Red1 Rc3 26.Qd5 Qxd5 27.exd5 Rxa3 28.f4 Nc4 29.Rxd3 Rxd3 30.Rxd3 Re1+
31.Bf1 Rb1 32.b5 axb5 33.Kf2 Rb2+ 34.Ke1 b4 35.Rd4 Ne3 36.Bd3 f5 37.g4 Kf7
38.g5 h5 39.h4 b5 40.Be4 fxe4 41.Rxe4 Nf5  0-1

[Event "Open"]
[Site "Miami USA"]
[Date "2007.09.29"]
[Round "6"]
[White "Becerra Rivero,J"]
[Black "Martinez,Marce"]
[Result "1/2-1/2"]
[WhiteElo "2559"]
[BlackElo "2386"]

1.e4 e5 2.Nf3 Nf6 3.d4 Nxe4 4.Bd3 d5 5.Nxe5 Nd7 6.Nxf7 Qe7 7.Nxh8 Nc3+ 8.Kd2 Nxd1
9.Re1 Nxf2 10.Bxh7 Ne4+ 11.Rxe4 dxe4 12.Bg6+  1/2-1/2

[Event "Open"]
[Site "Miami USA"]
[Date "2007.09.30"]
[Round "8"]
[White "Becerra Rivero,J"]
[Black "Panchanathan,M"]
[Result "1/2-1/2"]
[WhiteElo "2559"]
[BlackElo "2486"]

1.e4 e5 2.Nf3 Nc6 3.Bb5 a6 4.Ba4 Nf6 5.O-O Be7 6.Re1 b5 7.Bb3 d6 8.c3 O-O
9.h3 Na5 10.Bc2 c5 11.d4 Qc7 12.d5 c4 13.b4 cxb3 14.axb3 Nd7 15.g4 Nb7 16.Re2 Nb6
17.b4 h5 18.Nh2 hxg4 19.hxg4 Bd7 20.Bd3 Rfc8 21.Rc2 Qd8 22.Be3 Bg5 23.Qc1 Bxe3
24.Qxe3 a5 25.Kg2 Na4 26.Raa2 Rc7 27.Qe2 Qe8 28.Nf1 Rac8 29.Ra3 g6 30.Ne3 Kg7
31.Rb3 Nb6 32.Ra3 Na4 33.Rb3 Nb6 34.Na3 Nc4 35.Bxc4 bxc4 36.Rb1 axb4 37.cxb4 c3
38.Rcc1 Qe7 39.Qf3 Qg5 40.Kg3 Ba4 41.Rh1 c2 42.Rbc1 Qf4+ 43.Qxf4 exf4+ 44.Kxf4 Rc3
45.Naxc2 Bxc2 46.g5 Bd3 47.Rce1 Kf8 48.Ng4 Ke7 49.Nf6 R3c4 50.Ra1 Rxb4 51.Ra7 Rb2
52.f3 Rb3 53.Rh2 Bc2 54.Rxc2 Rxc2 55.Ra8 Nd8 56.Ng8+ Kd7 57.Nf6+ Kc7 58.Ne8+ Kd7  1/2-1/2

[Event "SPICE Cup"]
[Site "Lubbock USA"]
[Date "2007.11.11"]
[Round "4"]
[White "Becerra Rivero,J"]
[Black "Hera,I"]
[Result "1-0"]
[WhiteElo "2568"]
[BlackElo "2544"]

1.e4 e5 2.Nf3 Nf6 3.d4 Nxe4 4.Bd3 d5 5.Nxe5 Nd7 6.Nxd7 Bxd7 7.O-O Bd6 8.Nc3 Nxc3
9.bxc3 Qh4 10.Re1+ Kd8 11.g3 Qg4 12.Be2 Qh3 13.Rb1 b6 14.c4 c6 15.cxd5 cxd5
16.Bf3 Rc8 17.Bxd5 h5 18.c4 h4 19.Bg2 Qf5 20.c5 hxg3 21.hxg3 Be7 22.Ba3 Qh7
23.Qf3 Qh2+ 24.Kf1 Bf6 25.cxb6 axb6 26.Rxb6 Qh5 27.Rd6 Qxf3 28.Bxf3 Rc3 29.Bb4 Rxf3
30.Ba5+ Kc8 31.Rc1+ Kb8 32.Rxd7 Rh1+ 33.Kg2 Rxc1 34.Kxf3 Rc2 35.Bb6 Rxa2
36.Rxf7 Kc8 37.Ke3 Rb2 38.Bc5 Kd8 39.g4 Ke8 40.Rf8+ Kd7 41.f4 Rg2 42.Kf3 Rg1
43.g5 Bxg5 44.fxg5 Rxg5 45.Ke4 Rg4+ 46.Rf4 Rg2 47.d5 Re2+ 48.Kd3  1-0

[Event "SPICE Cup"]
[Site "Lubbock USA"]
[Date "2007.11.12"]
[Round "5"]
[White "Lugo,Bl"]
[Black "Becerra Rivero,J"]
[Result "1/2-1/2"]
[WhiteElo "2411"]
[BlackElo "2568"]

1.e4 e5 2.Nf3 Nc6 3.Bb5 a6 4.Ba4 Nf6 5.O-O Be7 6.Bxc6 dxc6 7.d3 Bg4 8.h3 Bh5
9.Be3 Nd7 10.Nbd2 c5 11.Re1 f6 12.Nf1 Bf7 13.Ng3 g6 14.c3  1/2-1/2

[Event "SPICE Cup"]
[Site "Lubbock USA"]
[Date "2007.11.13"]
[Round "6"]
[White "Becerra Rivero,J"]
[Black "Perelshteyn,E"]
[Result "1/2-1/2"]
[WhiteElo "2568"]
[BlackElo "2536"]

1.e4 e5 2.Nf3 Nc6 3.Bb5 a6 4.Ba4 Nf6 5.O-O b5 6.Bb3 Bc5 7.a4 Rb8 8.c3 d6
9.d4 Bb6 10.axb5 axb5 11.Na3 O-O 12.Nxb5 exd4 13.cxd4 Bg4 14.Ba4 d5 15.e5 Ne4
16.Be3 Na5 17.Na3 c5  1/2-1/2

[Event "SPICE Cup"]
[Site "Lubbock USA"]
[Date "2007.11.14"]
[Round "7"]
[White "Leon Hoyos,M"]
[Black "Becerra Rivero,J"]
[Result "0-1"]
[WhiteElo "2495"]
[BlackElo "2568"]

1.e4 e5 2.Nf3 Nc6 3.Bb5 a6 4.Ba4 Nf6 5.O-O Be7 6.Re1 b5 7.Bb3 d6 8.c3 O-O
9.h3 Na5 10.Bc2 c5 11.d4 Nd7 12.d5 Nb6 13.Nbd2 g6 14.Nf1 f5 15.Bh6 Rf7 16.exf5 gxf5
17.Ng3 Nac4 18.Nh2 Bg5 19.Qh5 Bxh6 20.Qxh6 Nxb2 21.Nh5 Qf8 22.Qg5+ Kh8 23.Nf3 Nxd5
24.Qh4 Nf6 25.Ng5 Nxh5 26.Qxh5 Rg7 27.f4 e4 28.Rab1 Nc4 29.Bb3 Nb6 30.Rbd1 c4
31.Bc2 d5 32.Qh6 Qc5+ 33.Rd4 Bd7 34.Re3 Qc6 35.Qh4 Qf6 36.Qf2 Bc6 37.Qd2 Rd7
38.Qe1 Rg8 39.h4 Na8 40.Kf2 Nc7 41.a3 Qd6 42.g3 Qxa3 43.Qd1 Qf8 44.Bxe4 fxe4
45.Nxe4 dxe4 46.Rxd7 Bxd7 47.Qxd7 Qd8 48.Qf5 Re8  0-1

[Event "10th Foxwoods Open"]
[Site "Ledyard USA"]
[Date "2008.03.21"]
[Round "5"]
[White "Aleskerov,F"]
[Black "Becerra Rivero,J"]
[Result "0-1"]
[WhiteElo "2339"]
[BlackElo "2573"]

1.Nf3 Nf6 2.d4 g6 3.e3 Bg7 4.Bd3 c5 5.O-O O-O 6.Ng5 d5 7.c3 Qc7 8.f4 Bf5
9.Be2 Nc6 10.Nd2 Rad8 11.Ngf3 Ng4 12.Nb1 f6 13.dxc5 e5 14.Na3 Qe7 15.h3 Nh6
16.b4 a6 17.Re1 Be6 18.Qb3 Kh8 19.Qc2 Nf5 20.fxe5 fxe5 21.e4 dxe4 22.Bg5 Bf6
23.Bxf6+ Qxf6 24.Qxe4 Bd5 25.Qg4 e4 26.c4 exf3 27.cxd5 f2+  0-1

[Event "10th Foxwoods Open"]
[Site "Ledyard USA"]
[Date "2008.03.23"]
[Round "9"]
[White "Friedel,J"]
[Black "Becerra Rivero,J"]
[Result "0-1"]
[WhiteElo "2487"]
[BlackElo "2573"]

1.e4 e5 2.Nf3 Nc6 3.Bb5 a6 4.Ba4 Nf6 5.O-O Be7 6.Re1 b5 7.Bb3 d6 8.c3 O-O
9.h3 Na5 10.Bc2 c5 11.d4 Nd7 12.Nbd2 exd4 13.cxd4 Nc6 14.d5 Nce5 15.a4 Rb8
16.axb5 axb5 17.Nxe5 Nxe5 18.f4 Ng6 19.Nf3 f5 20.exf5 Bxf5 21.Bxf5 Rxf5 22.g4 Rxf4
23.Bxf4 Nxf4 24.Qd2 Ng6 25.Qe3 Qd7 26.Qe6+ Qxe6 27.Rxe6 b4 28.g5 Bf8 29.Re4 Ne7
30.Rd1 Ra8 31.Nh4 g6 32.Re6 Rd8 33.Kg2 Rd7 34.Kf3 b3 35.Re3 Rb7 36.Re6 Rd7
37.Re2 Bg7 38.Ke4 Rb7 39.Ra1 Rb4+ 40.Kf3 Be5 41.Ng2 Nxd5 42.Ra8+ Kf7 43.Ra7+ Ke6
44.Rxh7 c4 45.Rh4 Ra4 46.Rd4 Nb6 47.Rd1 Ra2 48.Kg4 Nd5 49.Rdd2 c3 50.bxc3 Nxc3
51.Nf4+ Kf7 52.Rf2 Ra4 53.Rf1 Rb4 54.h4 Ke8 55.h5 b2 56.Rxb2 gxh5+ 57.Kxh5 Rxb2
58.Nd3 Rh2+ 59.Kg6 Bh8 60.Rf7 Bd4 61.Nb4 Re2 62.Rh7 d5 63.Kf5 Re5+ 64.Kf4 Ne2+
65.Kf3 Bc5 66.Na6 Bd6 67.g6 Nd4+ 68.Kg4 Ne6  0-1

[Event "FKB ch-USA Qualifier"]
[Site "Tulsa USA"]
[Date "2008.03.28"]
[Round "1"]
[White "Zenyuk,I"]
[Black "Becerra Rivero,J"]
[Result "0-1"]
[WhiteElo "2227"]
[BlackElo "2573"]

1.d4 g6 2.Nf3 Bg7 3.c4 d6 4.e4 Bg4 5.d5 Nd7 6.Be2 Bxf3 7.Bxf3 Ngf6 8.Nc3 c6
9.O-O O-O 10.Be3 Qa5 11.a3 Rfc8 12.b4 Qd8 13.Rc1 cxd5 14.Nxd5 Nxd5 15.exd5 a5
16.c5 Ne5 17.c6 bxc6 18.dxc6 axb4 19.c7 Nxf3+ 20.Qxf3 Qd7 21.axb4 d5 22.Rfd1 e6
23.Bf4 Ra7 24.h4 Rb7 25.Qb3 Bf8 26.Rd4 Bd6 27.Rxd5 exd5 28.Qxd5 Rbxc7 29.Rxc7 Rxc7
30.Qxd6 Qxd6 31.Bxd6 Rc1+ 32.Kh2 f6 33.Bc5 Kf7 34.g3 Ke6 35.Kg2 Rc3 36.Be3 Rb3
37.Bc5 Kd5 38.Be7 Ke5 39.Bc5 Ke4 40.Be7 f5 41.Bd6 Rb2 42.Bc5 f4 43.gxf4 Kxf4
44.Be7 Kg4 45.Bg5 Rxb4 46.f3+ Kf5 47.Kg3 Rd4 48.Be3 Ra4 49.Bg5 Ke5 50.Bh6 Kd5
51.Bg7 h5 52.Bf6 Ra6 53.Bg7 Kc4 54.Kf4 Ra5 55.Ke4 Rf5 56.Bh6 Kc3 57.Bg5 Kc2
58.Bh6 Kd1 59.Bg5 Ke2 60.f4 Kf2 61.Bh6 Kg3 62.Bg5 Kg4 63.Ke3 Rxg5 64.hxg5 h4  0-1

[Event "FKB ch-USA Qualifier"]
[Site "Tulsa USA"]
[Date "2008.03.29"]
[Round "5"]
[White "Kraai,J"]
[Black "Becerra Rivero,J"]
[Result "1/2-1/2"]
[WhiteElo "2510"]
[BlackElo "2573"]

1.Nf3 g6 2.e4 Bg7 3.d4 d6 4.Nc3 c6 5.Be2 b5 6.O-O Nd7 7.h3 Bb7 8.Bf4 e5 9.dxe5 dxe5
10.Bh2 Qe7 11.a4 b4 12.Nb1 Ngf6 13.Nbd2 O-O 14.c3 bxc3 15.bxc3 Nh5 16.a5 Nf4
17.Bc4 Nc5 18.Bxf4 exf4 19.e5 Rad8 20.Qe2 Bc8 21.Rfe1 Qc7 22.Nb3 Nxb3 23.Bxb3 c5
24.a6 h6 25.Qe4  1/2-1/2

[Event "FKB ch-USA Qualifier"]
[Site "Tulsa USA"]
[Date "2008.03.30"]
[Round "6"]
[White "Becerra Rivero,J"]
[Black "Bonin,J"]
[Result "1-0"]
[WhiteElo "2573"]
[BlackElo "2351"]

1.e4 Nc6 2.Nf3 d6 3.d4 Nf6 4.Nc3 Bg4 5.Be2 e6 6.d5 exd5 7.exd5 Bxf3 8.Bxf3 Ne5
9.Be2 Be7 10.Be3 O-O 11.g4 c6 12.dxc6 bxc6 13.g5 Nd5 14.Nxd5 cxd5 15.h4 Qa5+
16.Qd2 Qa4 17.b3 Qe4 18.O-O-O Rfc8 19.f4 Nc6 20.Bd3 Qb4 21.Qxb4 Nxb4 22.Kb2 Re8
23.Bb5 Bf6+ 24.Bd4 Bxd4+ 25.Rxd4 Re4 26.Rhd1 Rb8 27.Rxe4 dxe4 28.Rxd6 Kf8
29.a4 a6 30.Bc4 Rc8 31.c3 e3 32.Be2 Ke7 33.Rd4  1-0

[Event "FKB ch-USA Qualifier"]
[Site "Tulsa USA"]
[Date "2008.03.30"]
[Round "7"]
[White "Bhat,V"]
[Black "Becerra Rivero,J"]
[Result "0-1"]
[WhiteElo "2481"]
[BlackElo "2573"]

1.d4 Nf6 2.c4 g6 3.Nc3 Bg7 4.e4 d6 5.Nf3 O-O 6.Be2 e5 7.O-O Nc6 8.d5 Ne7
9.Ne1 Nd7 10.Nd3 f5 11.Bd2 Nf6 12.f3 c5 13.Rb1 Kh8 14.b4 b6 15.bxc5 bxc5
16.Qa4 Bd7 17.Qa6 Bc8 18.Qa4 Bd7 19.Qa3 a5 20.Rb7 Neg8 21.Rfb1 Bh6 22.Qc1 Bxd2
23.Qxd2 Rf7 24.exf5 gxf5 25.f4 e4 26.Nf2 Qf8 27.Ncd1 e3 28.Nxe3 Re8 29.Bd3 Nh6
30.Nf1 Rfe7 31.R7b6 Ne4 32.Qb2+ Kg8 33.h3 Nf7 34.Nh2 Ng3 35.Nf3 Qh6 36.Qc1 Re3
37.Ne5 Rxd3 38.Kh2 Ne2 39.Nexd3 Nxc1 40.Rxc1 Re2  0-1

[Event "17th Open"]
[Site "Chicago USA"]
[Date "2008.05.23"]
[Round "1"]
[White "Davis,Lo"]
[Black "Becerra Rivero,J"]
[Result "0-1"]
[WhiteElo "2198"]
[BlackElo "2575"]

1.d4 Nf6 2.c4 g6 3.Nc3 Bg7 4.g3 O-O 5.Bg2 d6 6.Nf3 c6 7.O-O Qa5 8.Qa4 Qh5
9.Rd1 Nbd7 10.Qc2 Nb6 11.b3 Bf5 12.Qd2 d5 13.cxd5 Nbxd5 14.Nxd5 cxd5 15.Qg5 Rfc8
16.Qxh5 gxh5 17.Ba3 e6 18.Rac1 Bc2 19.Rd2 Bg6 20.Rdd1 Ne4 21.Bb2 f6 22.Ne1 Bh6
23.e3 h4 24.gxh4 a5 25.Rxc8+ Rxc8 26.Rc1 Rxc1 27.Bxc1 Nc3 28.Bd2 Nxa2 29.Bxa5 Nc1
30.b4 Ne2+ 31.Kf1 Nc3 32.Bf3 Bf8 33.Be2 Nxe2 34.Kxe2 Bd6 35.f4 b5 36.Nd3 Bxd3+
37.Kxd3 Kg7 38.Ke2 Kg6 39.Kf3 Kf5 40.h5 Be7 41.h3 Bd6 42.Kf2 Ke4 43.Ke2 Be7
44.Kf2 Kd3 45.f5 exf5 46.Kf3 Bd6  0-1

[Event "17th Open"]
[Site "Chicago USA"]
[Date "2008.05.25"]
[Round "5"]
[White "Gulamali,K"]
[Black "Becerra Rivero,J"]
[Result "1/2-1/2"]
[WhiteElo "2343"]
[BlackElo "2575"]

1.e4 e5 2.f4 Nc6 3.Bc4 Nf6 4.Nf3 Nxe4 5.fxe5 d5 6.Bb5 Be7 7.d3 Ng5 8.O-O O-O
9.Nxg5 Bxg5 10.Bxc6 bxc6 11.Nc3 Rb8 12.b3 Rb4 13.Ba3 Rh4 14.g3 Rh6 15.Bxf8 Qxf8
16.d4 Bh3 17.Qf3 Bxf1 18.Rxf1 Qe7 19.h4 Bd2 20.Nb1 Ba5 21.c3 c5 22.Qxd5 Bb6
23.Qa8+ Qf8 24.Qxf8+ Kxf8 25.d5 c4+ 26.Kg2 cxb3 27.axb3 c6 28.e6 cxd5 29.Rxf7+ Kg8
30.Rd7 Rxe6 31.Rxd5 Re2+ 32.Kf3 Rf2+ 33.Kg4 g6 34.Nd2 h5+ 35.Kh3 Re2 36.Rd3 Re1
37.Kg2 Rd1 38.Kf3 Kf7 39.Ke2 Rc1 40.Nc4 Bg1 41.Rf3+ Ke6 42.Kd2 Ra1 43.Kd3 a5
44.Rf4 Bh2 45.Re4+ Kf6 46.g4 hxg4 47.Rxg4 a4 48.bxa4 Rxa4 49.Ne3 Ra5 50.c4 Rh5
51.Nd5+ Kf5 52.Ne3+ Kf6  1/2-1/2

[Event "17th Open"]
[Site "Chicago USA"]
[Date "2008.05.26"]
[Round "6"]
[White "Becerra Rivero,J"]
[Black "Felecan,F"]
[Result "1-0"]
[WhiteElo "2575"]
[BlackElo "2377"]

1.e4 c5 2.Nf3 d6 3.d4 cxd4 4.Nxd4 Nf6 5.Nc3 a6 6.Be3 e5 7.Nb3 Be7 8.f3 Be6
9.Qd2 Nbd7 10.g4 h6 11.O-O-O Rc8 12.Kb1 b5 13.h4 Nb6 14.Qe1 Qc7 15.Rh2 Nc4
16.Bxc4 bxc4 17.Nc1 Rb8 18.N1e2 d5 19.exd5 Nxd5 20.Bc1 Nxc3+ 21.Nxc3 O-O
22.g5 h5 23.Re2 Qb7 24.Rxe5 Ba3 25.Nb5 axb5 26.bxa3 b4 27.axb4 c3 28.Ba3 Rfc8
29.Rd3 Qc6 30.Ree3 Qc4 31.Rxc3 Qxa2+ 32.Kc1 Bf5 33.Bb2 Rd8 34.Rc5 Qa6 35.Rxf5 Rxb4
36.Qxb4  1-0

[Event "17th Open"]
[Site "Chicago USA"]
[Date "2008.05.26"]
[Round "7"]
[White "Friedel,J"]
[Black "Becerra Rivero,J"]
[Result "1/2-1/2"]
[WhiteElo "2484"]
[BlackElo "2575"]

1.e4 e5 2.Nf3 Nc6 3.Bb5 a6 4.Ba4 Nf6 5.O-O Be7 6.Re1 b5 7.Bb3 d6 8.c3 O-O
9.h3 Na5 10.Bc2 c5 11.d4 Nd7 12.Nbd2 cxd4 13.cxd4 Nc6 14.Nb3 a5 15.Bd3 Ba6
16.d5 Nb4 17.Bf1 a4 18.Nbd4 exd4 19.a3 Nxd5 20.exd5 Ne5 21.Nxd4 Qd7 22.Bd2 Rfc8
23.Bc3 Rc5 24.f4 Rxd5 25.fxe5 dxe5 26.Qf3 exd4 27.Rxe7 Qxe7 28.Qxd5 Rd8 29.Re1 Qf8
30.Qc6 dxc3 31.bxc3 Rd6 32.Qc7 Rd8 33.Qc6 Bc8 34.Qxb5 Bd7 35.Qb4 Rb8 36.Qd4 Be6
37.Qxa4 Qc5+ 38.Qd4 Qxa3 39.Bc4 Bxc4  1/2-1/2

[Event "Marshall NY Int"]
[Site "New York USA"]
[Date "2008.06.21"]
[Round "1"]
[White "Becerra Rivero,J"]
[Black "Critelli,J"]
[Result "1-0"]
[WhiteElo "2575"]
[BlackElo "2343"]

1.e4 c5 2.Nf3 d6 3.d4 cxd4 4.Nxd4 Nf6 5.Nc3 a6 6.h3 g6 7.g3 Bg7 8.Bg2 O-O
9.O-O Nc6 10.Nde2 Rb8 11.Rb1 b5 12.b3 e6 13.Bf4 Ne5 14.Qd2 Bb7 15.Rfd1 b4
16.Na4 Bxe4 17.Bxe4 Nxe4 18.Qe3 Nc3 19.Nexc3 bxc3 20.Nxc3 Rc8 21.Ne4 d5 22.c4 d4
23.Qe2 Qd7 24.Rd2 Nc6 25.b4 e5 26.Bh6 Qxh3 27.Bxg7 Kxg7 28.Nd6 Rb8 29.c5 Qe6
30.a3 d3 31.Qxd3 Nd4 32.f4 f6 33.Rf1 Qg4 34.Rdf2 h5 35.Qe4 Rbe8 36.fxe5 Rxe5
37.Qxg4 hxg4 38.Kg2 Rh8 39.Rxf6 Nf3 40.Rf7+ Kg8 41.R1xf3 gxf3+ 42.Kxf3 Rh1
43.Ra7  1-0

[Event "Marshall NY Int"]
[Site "New York USA"]
[Date "2008.06.23"]
[Round "6"]
[White "Becerra Rivero,J"]
[Black "Vovsha,E"]
[Result "1/2-1/2"]
[WhiteElo "2575"]
[BlackElo "2452"]

1.e4 c5 2.Nf3 d6 3.d4 cxd4 4.Nxd4 Nf6 5.Nc3 a6 6.Be3 e6 7.a4 Nc6 8.Be2 Be7
9.O-O O-O 10.f4 Qc7 11.Nb3 b6 12.Bf3 Rb8 13.g4 Re8 14.g5 Nd7 15.Bg2 Bf8 16.Rf2 Na5
17.Nd2 Bb7 18.Ne2 Rbc8 19.c3 d5 20.b4 Nc4 21.Nxc4 Qxc4 22.a5 bxa5 23.Rxa5 Nb8
24.e5 Nc6 25.Ra1 Ra8 26.Rb1 a5 27.b5 Ne7 28.Bd4 Nf5 29.Bf1 Nxd4 30.cxd4 g6
31.Nc1 Qc3 32.Na2 Qa3 33.Rb3 Qe7 34.Rc2 Rec8 35.Rbc3 Qd8 36.Kf2 Rxc3 37.Rxc3 Rc8
38.h3 Rc4 39.Ke3 Rxc3+ 40.Nxc3 Bc8 41.Na4 Bd7 42.Nc5 Bc8 43.Bd3 Be7 44.h4 Kf8
45.Kd2 Ke8 46.Kc3 Qc7 47.Kb3 Bd8 48.Qc1 Bd7 49.Ka4 Qb6 50.Nb3 Qa7 51.h5 Bb6
52.hxg6 hxg6 53.Nc5 Kd8 54.Qc2 Ke8 55.Qc1 Ke7 56.Be2 Kd8 57.Qa3 Ke8 58.Bd3 Kd8
59.Kb3 a4+ 60.Qxa4 Bxc5 61.dxc5 Qxc5 62.Qa5+ Kc8 63.Qb4 Qe3 64.Kc2 Qf2+ 65.Kb3 Qe3  1/2-1/2

[Event "Marshall NY Int"]
[Site "New York USA"]
[Date "2008.06.24"]
[Round "7"]
[White "Molner,M"]
[Black "Becerra Rivero,J"]
[Result "1-0"]
[WhiteElo "2338"]
[BlackElo "2575"]

1.e4 e5 2.Nf3 Nc6 3.Bc4 Nf6 4.d3 Be7 5.O-O O-O 6.Re1 d6 7.a4 Kh8 8.a5 a6
9.Nc3 Ng8 10.Nd5 f5 11.h3 Bf6 12.c3 f4 13.d4 g5 14.b3 Bg7 15.Bb2 g4 16.hxg4 Bxg4
17.Be2 Nh6 18.Nb4 Nxb4 19.cxb4 Bxf3 20.Bxf3 Nf7 21.d5 Ng5 22.Rc1 Bf6 23.Rc3 Rg8
24.Bg4 Rg7 25.Kf1 Qe8 26.Bf5 Qf7 27.Ke2 Qh5+ 28.Kd2 Qh2 29.Rg1 f3 30.Kc2 Qh4
31.g3 Qh5 32.Rh1 Qe8 33.Bc1 Qb5 34.Rc4 Rf8 35.Rh6 Bd8 36.Qh1 Rff7 37.Qh5 Kg8
38.Bxg5 Rxg5 39.Qh3 Rgxf5 40.exf5 Qxd5 41.Rg4+ Kh8 42.Qh5 Qc6+ 43.Kb2 Qd7
44.Rhg6 Qe8 45.Rg7  1-0

[Event "Marshall NY Int"]
[Site "New York USA"]
[Date "2008.06.25"]
[Round "9"]
[White "Becerra Rivero,J"]
[Black "Sarkar,J"]
[Result "1-0"]
[WhiteElo "2575"]
[BlackElo "2412"]

1.e4 c5 2.Nf3 Nc6 3.d4 cxd4 4.Nxd4 Nf6 5.Nc3 e5 6.Ndb5 d6 7.Bg5 a6 8.Na3 b5
9.Bxf6 gxf6 10.Nd5 f5 11.g3 Bg7 12.Bg2 fxe4 13.Bxe4 Be6 14.Qh5 Rc8 15.O-O Ne7
16.Rad1 Nxd5 17.Bxd5 O-O 18.c3 Rc5 19.Bxe6 fxe6 20.Nc2 a5 21.Rd2 d5 22.a4 b4
23.cxb4 axb4 24.Nxb4 Rc4 25.Nd3 Rd4 26.Rdd1 Rf5 27.Qe2 Qb6 28.b3 Qxb3 29.Nc5 Qc4
30.Qxc4 Rxc4 31.Nxe6 e4 32.a5 Bc3 33.a6 Ra4 34.Nf4 Rxf4 35.gxf4 d4 36.Rb1 Rxa6
37.Rb7 e3 38.fxe3 dxe3 39.Rd1 Bd2 40.Kf1 Rf6 41.Ke2 Rxf4 42.Rg1+ Kf8 43.Ra1 Rf7
44.Rb8+ Kg7 45.Rg1+ Kh6 46.Rg2 Rg7 47.Rxg7 Kxg7 48.Rb6 Kf7 49.Rc6 Kg7 50.Kf3 Kf7
51.h4 Kg7 52.h5 e2 53.Kxe2 Bg5 54.Kf3 Bd2 55.Kg4 Kg8 56.Rc7 Be3 57.Rd7 Bc1
58.Kf5 Bb2 59.Ke6 Bc1 60.Rc7 Be3 61.Kf5 Bd4 62.Rb7 Be3 63.Re7 Bd2 64.Ke6 Bc1
65.Rf7 Bd2 66.Ke7 Bg5+ 67.Ke8 Bh6 68.Rb7 Bg5 69.Rb5 Bh6 70.Ke7 Kg7 71.Ke6 Bd2
72.Kf5 Be3 73.Ra5 Bd2 74.Ra6 Be3 75.Rc6 Bd2 76.h6+ Bxh6 77.Rc7+ Kf8 78.Rxh7 Bg7
79.Ke6 Bd4 80.Rd7 Bc3 81.Rf7+ Kg8 82.Ke7 Bd4 83.Ke8 Bc3 84.Rf5 Bd4 85.Rf4 Be5
86.Rg4+ Kh7 87.Kf7 Kh6 88.Ke6 Bc3 89.Kf5 Bb2 90.Rg6+ Kh7 91.Kg5 Bc3 92.Rc6 Bd2+
93.Kf5 Kg7 94.Rg6+ Kf7 95.Rd6 Bb4 96.Rd7+ Be7 97.Rb7 Kf8 98.Ke6 Bc5 99.Rf7+ Kg8
100.Kf6 Bb6 101.Kg6 Bd8 102.Rd7 Bh4 103.Rd4 Be7 104.Ra4  1-0

[Event "World Open"]
[Site "Philadelphia USA"]
[Date "2008.07.03"]
[Round "2"]
[White "Becerra Rivero,J"]
[Black "Swathi,G"]
[Result "1-0"]
[WhiteElo "2598"]
[BlackElo "2351"]

1.e4 c5 2.Nf3 Nc6 3.Bb5 Qb6 4.Nc3 e6 5.Bxc6 Qxc6 6.O-O a6 7.d4 cxd4 8.Nxd4 Qc7
9.Qf3 Bd6 10.Kh1 Ne7 11.Be3 O-O 12.Rad1 Be5 13.Qh5 Ng6 14.Nce2 b5 15.f4 Bxd4
16.Nxd4 Bb7 17.f5 exf5 18.exf5 Qe5 19.Qh3 Ne7 20.Bf4 Qf6 21.Qg3 Nxf5 22.Nxf5 Qxf5
23.Bd6 Qxc2 24.Bxf8 Rxf8 25.Rxd7 Bc8 26.Qd3 Qxd3 27.Rxd3 Be6 28.b3 a5 29.Rc1 g6
30.Kg1 a4 31.Rc5 axb3 32.axb3 Rb8 33.Kf2 h5 34.h4 Kg7 35.Ke3 Rb6 36.g3 Rb7
37.Kd2 Kf6 38.Kc3 b4+ 39.Kb2 Ke7 40.Rd4 f6 41.Rc6 Kf7 42.Rdd6  1-0

[Event "World Open"]
[Site "Philadelphia USA"]
[Date "2008.07.03"]
[Round "3"]
[White "Rathnakaran,K"]
[Black "Becerra Rivero,J"]
[Result "1/2-1/2"]
[WhiteElo "2453"]
[BlackElo "2598"]

1.e4 e5 2.Nf3 Nc6 3.Bc4 Nf6 4.d3 Be7 5.O-O O-O 6.Nc3 d6 7.h3 Na5 8.Bb3 c6
9.Bd2 b5 10.Ne2 Nxb3 11.axb3 h6 12.Ng3 Be6 13.d4 Qc7 14.Bc3 exd4 15.Nxd4 a5
16.Qf3 b4 17.Bd2 Rfe8 18.Ndf5 Bxf5 19.Nxf5 Bf8 20.Nxh6+ gxh6 21.Qxf6  1/2-1/2

[Event "World Open"]
[Site "Philadelphia USA"]
[Date "2008.07.05"]
[Round "6"]
[White "Becerra Rivero,J"]
[Black "Hess,Ro"]
[Result "1-0"]
[WhiteElo "2598"]
[BlackElo "2484"]

1.e4 e5 2.Nf3 Nc6 3.Bb5 a6 4.Ba4 d6 5.O-O Bd7 6.d4 Nf6 7.d5 Ne7 8.Bxd7+ Qxd7
9.Re1 c6 10.c4 cxd5 11.cxd5 Ng6 12.Bg5 Be7 13.Nbd2 h6 14.Bxf6 Bxf6 15.a4 Rc8
16.a5 O-O 17.Qa4 Qc7 18.Re3 Be7 19.Rc3 Qb8 20.Nc4 f5 21.Qc2 Bd8 22.exf5 Ne7
23.Ne3 Rxc3 24.Qxc3 Nxf5 25.Nxf5 Rxf5 26.Nd2 Rf7 27.Ne4 b6 28.Qb4 Bc7 29.Rc1 bxa5
30.Qxb8+ Bxb8 31.Rc8+ Rf8 32.Rc6 Rf4 33.f3 Rf7 34.Nxd6 Bxd6 35.Rxd6 Rb7 36.Rxa6 Rxb2
37.Rxa5 Rd2 38.h4 Rd4 39.h5 e4 40.Kf2 exf3 41.Kxf3 Kf7 42.g4 g6 43.Ra7+ Kg8
44.Rd7 gxh5 45.gxh5 Kf8 46.Ke3 Rh4 47.Rh7 Rxh5 48.Kd4 Rh1 49.Ke5 h5 50.Ke6 Kg8
51.Re7 Re1+ 52.Kd7 Ra1 53.d6 h4 54.Re4 h3 55.Ke7 h2 56.Rg4+ Kh7 57.Rh4+ Kg6
58.Rxh2 Re1+ 59.Kd8 Kf7 60.d7  1-0